Normal view
MARC view
- Dr. Sarthian K. K (Guide)
Entry Personal Name
001 - CONTROL NUMBER
- control field: 3704
003 - CONTROL NUMBER IDENTIFIER
- control field: OSt
005 - DATE AND TIME OF LATEST TRANSACTION
- control field: 20181012112547.0
008 - FIXED-LENGTH DATA ELEMENTS
- fixed length control field: 181012|| aca||aabn | a|a d
040 ## - CATALOGING SOURCE
- Original cataloging agency: OSt
- Transcribing agency: OSt
100 ## - HEADING--PERSONAL NAME
- Personal name: Dr. Sarthian K. K (Guide)
670 ## - SOURCE DATA FOUND
- Source citation: Work cat.: (OSt)15161: HAMEEDA BINDU VAHAB 3499, Improved design of a simplified rooftop rainwater filtering system
